Largest US Cities by Name Length - Statistics

General Stats
  • This quiz has been taken 36 times
  • The average score is 30 of 40
Answer Stats
City % Correct
6 Boston
100%
7 Chicago
100%
7 Houston
100%
5 Miami
100%
7 New York
100%
6 Dallas
96%
10 Los Angeles
96%
12 Philadelphia
96%
8 San Diego
96%
12 San Francisco
96%
7 Phoenix
93%
8 Columbus
89%
12 Jacksonville
89%
7 San Jose
89%
9 Baltimore
85%
9 Charlotte
85%
11 Minneapolis
85%
10 San Antonio
85%
6 Austin
81%
6 Denver
81%
5 Tampa
81%
10 Washington
81%
6 El Paso
78%
12 Indianapolis
78%
12 Oklahoma City
78%
8 Portland
78%
11 Albuquerque
74%
8 Las Vegas
70%
9 Nashville
67%
5 Tulsa
67%
10 Louisville
63%
9 Milwaukee
59%
5 Omaha
56%
9 Fort Worth
52%
10 Sacramento
52%
8 Honolulu
48%
11 Bakersfield
30%
11 Tallahassee
30%
11 Grand Rapids
15%
5 Plano
11%
No matching quizzes found
Score Distribution
Percent of People with Each Score
Percentile by Number Answered
Your Score History
You have not taken this quiz